000 02492nam a2200277 a 4500
001 000035030
003 DO-SdBNP
005 20230717120802.0
008 111024s2003 dr 000 0 spa d
020 _a9993486795
040 _aDO-SdBNP
_bspa
_cBPMSU
082 4 _a177
_bH831m, 2003
_222
100 1 _aHostos, Eugenio María de
_d1839-1903
_95
245 1 0 _aMoral social /
_cEugenio María de Hostos.
260 _aSanto Domingo :
_bNacional,
_c2003.
300 _a264 p. ;
_c22 cm.
490 0 _aBiblioteca esencial,
_aHomenaje,
_v4
500 _aIncluye referencias bibliográficas y notas al pie de las páginas
500 _aIncluye datos biográficos del autor en la solapa de la cubierta.
505 0 _tPresentación --
_tIntroducción --
_tRelaciones y deberes --
_tLa sociedad y sus órganos --
_tObjetivo de la moral social. ¿En qué se funda? --
_tExposición de las relaciones --
_tClasificación de relaciones --
_tAnálisis de las relaciones del hombre con la sociedad; relación de necesidad --
_tSegunda relación --
_tRelación de gratitud --
_tTercera relación --
_tRelación de utilidad --
_tCuarta relación --
_tRelación de derecho --
_tQuinta relación --
_tRelación del deber --
_tDel deber y su función en la economía moral del mundo --
_tEn qué se fundan los deberes sociales --
_tDeberes derivados de nuestras relaciones con la sociedad --
_tEl deber del trabajo --
_tSus modificaciones en los diversos grupos sociales --
_tDeber de obediencia y sus modificaciones --
_tPor qué no se dá su nombre a los deberes derivados de la relación de utilidad --
_tCooperación --
_tUnión --
_tAbnegación --
_tConciliación --
_tDeberes deducidos de la relación de derecho --
_tEl derecho armado --
_tDeberes que imponen --
_tEl deber de los deberes --
_tLos conflictos del deber --
_tLa regla de los conflictos --
_tDeberes complementarios --
_tDeberes complemetarios --
_tLa moral y las actividades de la vida --
_tEnlace de la moral con la política --
_tLa moral social y los profesionales --
_tLa moral y la escuela --
_tLa moral y la iglesia católica --
_tLa moral y el protestantismo --
_tLa moral y las religiones filosóficas --
_tLa moral y la ciencia --
_tLa moral y el arte --
_tLa moral y la literatura --
_tLa dramática --
_tLa moral y la historia --
_tLa moral y el periodismo --
_tLa moral y la industria --
_tLa moral y el tiempo.
590 _aInventariado, 2023/VM
650 4 _aÉtica social
650 4 _aSociología
910 _aVMateo V. Control de calidad BPMSU
942 _2ddc
_cBK
999 _c14425
_d14425